Pippo gets lost

Bibliographic Details
Main Author: Oxenbury, Helen
Format: Book
Published: New York : Aladdin Books , 1989
Subjects:

MARC

LEADER 00000cam a2200000 7i4500
001 0000004780
002 000005153
005 20000330.0
020 |a 0689713363 
090 0 0 |a JF   |b OXE 
100 1 |a Oxenbury, Helen 
245 1 0 |a Pippo gets lost   |c Helen Oxenbury 
260 |a New York :   |b Aladdin Books ,   |c 1989 
300 |a p.v. :   |b ill. ;   |c 26 cm. 
650 0 0 |a Children's stories 
999 |a 037514   |b BUKU   |c PINJAMAN   |e PERPUSTAKAAN KOMUNITI PETALING JAYA 
999 |a 037515   |b BUKU   |c PINJAMAN   |e PERPUSTAKAAN KOMUNITI PETALING JAYA